AKILLI VİRÜS SAVAŞÇISI ÇOCUKALAR İÇİN ZAMAN GEÇİRME KLAVUZU (Kayıt no. 1300771)

MARC ayrıntıları
000 -LEADER
sabit uzunluktaki kontrol alanı 00315nam a2200097Ia 4500
001 - KONTROL NUMARASI
kontrol alanı 1300771
005 - EN SON İŞLEMİN TARİH VE ZAMANI
kontrol alanı 20260420095910.0
008 - SABİT-UZUNLUKTA VERİ ÖĞELERİ--GENEL BİLGİ
sabit uzunluktaki kontrol alanı 260420s9999 xx 000 0 und d
245 #0 - ESER / YAZAR
ESER ADI AKILLI VİRÜS SAVAŞÇISI ÇOCUKALAR İÇİN ZAMAN GEÇİRME KLAVUZU
Yazar Adı ELOİSE MACGREGOR
260 ## - YAYIN, DAĞITIM, VB.
YAYIN EVİ TÜRKİYE İŞ BANKASI YAYINLARI
Mevcut
Düşüm durumu Kayıp durumu Hasar Durumu Ödünç verilmez Ana kütüphane Geçerli Kütüphane Edinilen tarih Toplam ödünç verme sayısı Barkod Son görüntüleme tarihi Fiyatın geçerli olmaya başladığı tarih Koha materyal türü
        ŞERİFE AKKANAT İLKOKULU ŞERİFE AKKANAT İLKOKULU 20.04.2026   11055439 20.04.2026 20.04.2026 Kitaplar
Gemini Bilgi Teknolojileri A.Ş. tarafından düzenlenmiştir.